000 00306nam a22001457a 4500
008 210531b ||||| |||| 00| 0 eng d
020 _a9780328455676
041 _aeng
080 _a37
082 _a37
100 _a46
101 _aEDU
245 _aReading Street
_cScott Foresman
942 _2udc
_cBK
999 _c57820
_d57820